Регионална библиотека "Любен Каравелов" - Русе

Трябва да знам (Запис номер 207314)

MARC детайли
000 -Лидер
Контролно поле с фиксирана дължина 01384nam a2200385 a 4500
003 - Код на организацията, давaща контролен номер
Контролно поле BLK
005 - Дата и час на последна редакция
Контролно поле 20241211123057.0
008 - Елементи от данни с фиксирана дължина
fixed length control field 180411b bul|||||r ||||||| ||bul||
010 ## - Наследен системен номер
LC control number KNG00217076000
020 ## - Международен стандартен номер на книга ISBN
Международен стандартен номер на книга ISBN 9789547694460
040 ## - Източник на каталожния запис
Идентификатор на билиотеката - собственик на записа BLK
041 ## - Код за език
Код за езика на текст/звукозапис или на отделно заглавие Български
Код за езика КДБФ Български
080 ## - УДК
Текстов определител УДК Американска литература (на САЩ)
УДК код - определител по УДК 821.111(73)
УДК определител -312.4
УДК - код + определител 821.111(73)-312.4
100 1# - Редна дума - Автор
Автор Кливланд, Карън
Авторска отговорност първи автор
R(LIN) 351090
139 ## - Редно поле
Редна дума Кливланд, Карън
Авторски знак Кла - К 63
245 10 - Сведения за заглавието
Заглавие Трябва да знам
Подзаглавни данни роман
Редно поле (дума) Карън Кливланд ; прев. от англ. Елка Виденова.
257 ## - Страна на издаване
Страна на създаване/издаване Съединени американски щати
260 ## - Област на издателските данни
Година на издаване 2018
9 (RLIN) 209460
Място на издаване, разпространение и проч. София
Име на издателя, разпространителя и проч. Обсидиан
Печатница В. Търново : Абагар
300 ## - Физическа характеристика
Страници 304 с.
Размери/Мащаб 20 см
380 ## - Жанр
Жанр Худож. лит.
500 ## - Общи забележки
Забележка Ориг. загл. Need to Know / Karen Cleveland.
659 #7 - Тематичен бюлетин
9 (RLIN) 178160
Тематичен бюлетин Н
Тематичен бюлетин - текст Нови книги
700 ## - Други автори (авторска отговорност)
9 (RLIN) 370686
Лично име Виденова, Елка Йорданова
Автороска отговорност (Описва отношението между автора и произведението) прев. от англ.
765 ## - Описание на заглавието на оригиналният език
Редна дума на основното описание Need to Know
Поясняваща информация Cleveland, Karen
852 ## - Местоположение
Форматна сигнатура Цб 294127
856 4# - Електронен адрес и достъп
Електронен формат pdf - файл
856 4# - Електронен адрес и достъп
Електронен формат pdf - файл
999 ## - СИСТЕМНИ КОНТРОЛНИ НОМЕРА
Koha biblionumber 207314
Koha biblioitemnumber 207314
942 ## - АРТИКУЛИ
Вид на библиотечния материал Книги
Скрит в OPAC Не
Koha issues (borrowed), all copies 50
944 ## - СЪЗДАВАНЕ И РЕДАКЦИЯ на ЗАПИСА
Създаване/Редакция Създаване
Дата на регистрацията/редакция 15.03.2018
Служител, извършил регистрацията/редакцията 30576
Статус, дата на статуса Цветомила Тодорова
944 ## - СЪЗДАВАНЕ И РЕДАКЦИЯ на ЗАПИСА
Създаване/Редакция Редакция
Дата на регистрацията/редакция 20.03.2018
Служител, извършил регистрацията/редакцията Виолета_Тройчева
999 ## - СИСТЕМНИ КОНТРОЛНИ НОМЕРА
Koha biblioitemnumber 207314
999 ## - СИСТЕМНИ КОНТРОЛНИ НОМЕРА
Koha biblioitemnumber 207314
999 ## - СИСТЕМНИ КОНТРОЛНИ НОМЕРА
Koha biblioitemnumber 207314
999 ## - СИСТЕМНИ КОНТРОЛНИ НОМЕРА
Koha biblioitemnumber 207314
Наличности
Код за отписване Код за изгубен артикул Източник на класификационната схема Код за повреда Коз за рестрикции Код за отдаване Артикулен № Име на библиотеката - собственик Име на библиотеката, в която се намира в момента Статус (Текущо местоположение) Дата на вписване в системата Местоположение - отдел Цена в лева Инвентарен номер Систематично азбучна сигнатура Баркод Номер на екземпляра Цена в евро Служебна бележка Служебен тип на артикула
  Не е изгубен Universal Decimal Classification Не е повреден без рестрикции заемане за дома 357728 Регионална библиотека "Любен Каравелов" Русе Регионална библиотека "Любен Каравелов" Русе Заемна - подръчен фонд 2018-03-07 Заемна - подръчен фонд 12.76 120000819994 П 821-31/К 63 120000819994 1 6.52 Дост: Pk Вид: Ф N: 949 Дата: 07.03.2018 Книги
  Не е изгубен Universal Decimal Classification Не е повреден без рестрикции заемане за дома 677880 Регионална библиотека "Любен Каравелов" Русе Регионална библиотека "Любен Каравелов" Русе Заемна - подръчен фонд 2018-06-22 Заемна - подръчен фонд 17.00 120000821675 П 820(73)-31/К 63 120000821675   8.69   Книги
  Не е изгубен Universal Decimal Classification Не е повреден без рестрикции ползва се в читалня 696994 Регионална библиотека "Любен Каравелов" Русе Регионална библиотека "Любен Каравелов" Русе Хранилище 2019-04-01 Хранилище 17.00   Цб 294127 120000830654   8.69   Книги
Vip Innovations Ltd, Rousse, Bulgaria 2025